The randomest game on earth Quiz Stats

 Plays Quiz not verified by Sporcle

Score 0/16 Timer 07:00
0 Plays Today
Question Answer % Correct
what rhymes with orangenothing
80.6%
Where is the empire state buildingNew York
78.6%
Where does Dracula liveTransylvania
71.8%
What was Hitler's first nameAdolf
70.9%
How many rings are there in the olympic logofive
68.9%
What do you associate with vampiresblood
62.1%
What language is spoken in DenmarkDanish
56.3%
What is the randomnest game on earthThis one
54.4%
Question Answer % Correct
Name a famous english poet and playwrightShakespeare
51.5%
what is the name of homer simpsons three children in age orderBart Lisa Maggie
43.7%
What is a popular petdog
38.8%
when you say krispy kremes you think ofdoughnuts
34%
Name a popular muffinchocolate chip
31.1%
Unscramble the word DMANROrandom
28.2%
Which band has just got back togetherTake that
24.3%
Name 2 playful animalsdolphin dog
21.4%

You're not logged in!

Compare scores with friends on all Sporcle quizzes.
OR
Log In

Show Comments

Extras

Created Nov 8, 2010ReportNominate
Tags:Board Games Quiz, earth

Top Quizzes Today


Score Distribution

Your Account Isn't Verified!

In order to create a playlist on Sporcle, you need to verify the email address you used during registration. Go to your Sporcle Settings to finish the process.

Report this User

Report this user for behavior that violates our Community Guidelines.

Details: